| 000 -LEADER |
| fixed length control field |
01304cam a22004098a 4500 |
| 001 - CONTROL NUMBER |
| control field |
832169 |
| 003 - CONTROL NUMBER IDENTIFIER |
| control field |
OSt |
| 005 - DATE AND TIME OF LATEST TRANSACTION |
| control field |
20180116183024.0 |
| 008 - FIXED-LENGTH DATA ELEMENTS--GENERAL INFORMATION |
| fixed length control field |
900503s1990 wau bc 001 0 eng |
| 010 ## - LIBRARY OF CONGRESS CONTROL NUMBER |
| LC control number |
89070103 |
| 020 ## - INTERNATIONAL STANDARD BOOK NUMBER |
| International Standard Book Number |
0941104435 : |
| Terms of availability |
$18.95 |
| 035 ## - SYSTEM CONTROL NUMBER |
| System control number |
(OCoLC)20798583 |
| 035 ## - SYSTEM CONTROL NUMBER |
| System control number |
(OCoLC)ocm20798583 |
| 035 ## - SYSTEM CONTROL NUMBER |
| System control number |
(CStRLIN)NYCG90-B29098 |
| 035 ## - SYSTEM CONTROL NUMBER |
| System control number |
(NNC)832169 |
| 040 ## - CATALOGING SOURCE |
| Original cataloging agency |
DLC |
| Transcribing agency |
DLC |
| Modifying agency |
DLC |
| -- |
NhD |
| 043 ## - GEOGRAPHIC AREA CODE |
| Geographic area code |
n-us--- |
| -- |
a-vt--- |
| 050 00 - LIBRARY OF CONGRESS CALL NUMBER |
| Classification number |
N6512 |
| Item number |
.L57 1990 |
| 082 00 - DEWEY DECIMAL CLASSIFICATION NUMBER |
| Classification number |
813.54 THO 1997 |
| Edition number |
20 |
| 090 ## - LOCALLY ASSIGNED LC-TYPE CALL NUMBER (OCLC); LOCAL CALL NUMBER (RLIN) |
| Classification number (OCLC) (R) ; Classification number, CALL (RLIN) (NR) |
N6512 |
| Local cutter number (OCLC) ; Book number/undivided call number, CALL (RLIN) |
.L57 1990 |
| 100 1# - MAIN ENTRY--PERSONAL NAME |
| Personal name |
Graig Thomas |
| 245 12 - TITLE STATEMENT |
| Title |
A Different War : |
| Statement of responsibility, etc. |
Graig Thomas |
| 260 ## - PUBLICATION, DISTRIBUTION, ETC. |
| Place of publication, distribution, etc. |
Bellingham, Wash. : |
| Name of publisher, distributor, etc. |
Whatcom Museum of History and Art ; |
| Place of publication, distribution, etc. |
Seattle : |
| Name of publisher, distributor, etc. |
Real Comet Press, |
| Date of publication, distribution, etc. |
1990. |
| 263 ## - PROJECTED PUBLICATION DATE |
| Projected publication date |
9004 |
| 300 ## - PHYSICAL DESCRIPTION |
| Extent |
474 p. : |
| Other physical details |
ill. ; |
| Dimensions |
29 cm. |
| 440 ## - SERIES STATEMENT/ADDED ENTRY--TITLE |
| Title |
A Different War |
| 500 ## - GENERAL NOTE |
| General note |
Exhibition circulated by Independent Curators, Incorporated. |
| 504 ## - BIBLIOGRAPHY, ETC. NOTE |
| Bibliography, etc. note |
Includes bibliographical references. |
| 600 ## - SUBJECT ADDED ENTRY--PERSONAL NAME |
| Personal name |
Graig Thomas |
| 650 #0 - SUBJECT ADDED ENTRY--TOPICAL TERM |
| Topical term or geographic name entry element |
Vietnam War, 1961-1975 |
| General subdivision |
Art and the war |
| Form subdivision |
Exhibitions. |
| 650 #0 - SUBJECT ADDED ENTRY--TOPICAL TERM |
| Topical term or geographic name entry element |
Art, American |
| Form subdivision |
Exhibitions. |
| 650 #0 - SUBJECT ADDED ENTRY--TOPICAL TERM |
| Topical term or geographic name entry element |
Art, American |
| Chronological subdivision |
20th century |
| Form subdivision |
Exhibitions. |
| 710 2# - ADDED ENTRY--CORPORATE NAME |
| Corporate name or jurisdiction name as entry element |
Whatcom Museum of History and Art. |
| 710 2# - ADDED ENTRY--CORPORATE NAME |
| Corporate name or jurisdiction name as entry element |
Independent Curators Incorporated. |
| 942 ## - ADDED ENTRY ELEMENTS (KOHA) |
| Source of classification or shelving scheme |
|
| Koha item type |
Book |